|
|
|
|
| LEADER |
00000nam2a2200000 4500 |
| 001 |
353330 |
| 005 |
20231102010601.0 |
| 035 |
|
|
|a (RuTPU)RU\TPU\retro\10544
|
| 035 |
|
|
|a RU\TPU\retro\10520
|
| 090 |
|
|
|a 353330
|
| 100 |
|
|
|a 20200327d1970 k y0rusy50 ca
|
| 101 |
0 |
|
|a rus
|
| 102 |
|
|
|a RU
|
| 200 |
0 |
|
|a № 313: Аэротермодинамика
|e [сборник]
|f под ред. В. С. Смирнова
|
| 210 |
|
|
|a Ленинград
|c Машиностроение
|d 1970
|
| 215 |
|
|
|a 152 стр.
|
| 461 |
|
1 |
|0 (RuTPU)RU\TPU\retro\9721
|t Труды Ленинградского политехнического института имени М. И. Калинина
|o [сборник]
|f Ленинградский политехнический институт им. М. И. Калинина (ЛПИ)
|v № 313: Аэротермодинамика
|d 1941-
|
| 606 |
1 |
|
|a Аэрогидродинамика
|2 stltpush
|3 (RuTPU)RU\TPU\subj\67371
|9 83197
|
| 610 |
1 |
|
|a ламинарный пограничный слой
|
| 610 |
1 |
|
|a релаксационная газодинамика
|
| 610 |
1 |
|
|a конечно-разностные схемы
|
| 610 |
1 |
|
|a ударные волны
|
| 610 |
1 |
|
|a численные решения
|
| 610 |
1 |
|
|a турбулентность
|
| 610 |
1 |
|
|a многокомпонентные смеси
|
| 610 |
1 |
|
|a газовые составы
|
| 610 |
1 |
|
|a смазки
|
| 610 |
1 |
|
|a полиакриламиды
|
| 610 |
1 |
|
|a ударная труба
|
| 702 |
|
1 |
|a Смирнов
|b В. С.
|4 340
|
| 801 |
|
1 |
|a RU
|b 63413507
|c 20160623
|
| 801 |
|
2 |
|a RU
|b 63413507
|c 20200208
|g RCR
|
| 801 |
|
2 |
|a RU
|b 63413507
|c 20200327
|g RCR
|
| 942 |
|
|
|c BK
|